00193 a2200085 4500001000700000040003500007100002000042240002500062245002000087146782 cEscola São Tomás de Aquino aBANDEIRA, Pedro10aUm gol de placalpor10aUm gol de placa